header

Fundamentals of Management Communication (Record no. 260215)

MARC details
000 -LEADER
fixed length control field 00411nam a22001577a 4500
003 - CONTROL NUMBER IDENTIFIER
control field OSt
005 - DATE AND TIME OF LATEST TRANSACTION
control field 20230621100258.0
008 - FIXED-LENGTH DATA ELEMENTS--GENERAL INFORMATION
fixed length control field 230621b xxu||||| |||| 00| 0 eng d
020 ## - INTERNATIONAL STANDARD BOOK NUMBER
International Standard Book Number 007289525X
040 ## - CATALOGING SOURCE
Transcribing agency N/A
100 ## - MAIN ENTRY--PERSONAL NAME
Personal name Arizona State University
245 ## - TITLE STATEMENT
Title Fundamentals of Management Communication
250 ## - EDITION STATEMENT
Edition statement Special Edition
260 ## - PUBLICATION, DISTRIBUTION, ETC. (IMPRINT)
Place of publication, distribution, etc New York
Name of publisher, distributor, etc McGraw-Hill Companies
Date of publication, distribution, etc 1996
942 ## - ADDED ENTRY ELEMENTS (KOHA)
Source of classification or shelving scheme Library of Congress Classification
Koha item type Long Loan Books
Holdings
Withdrawn status Lost status Source of classification or shelving scheme Damaged status Not for loan Collection code Home library Current library Shelving location Date acquired Total Checkouts Full call number Barcode Date last seen Date checked out Price effective from Koha item type
    Library of Congress Classification     Non-fiction Rongo University Library Rongo University Library General Stacks 22/06/2023 4 HD30.3.A759 1996 20089743 02/12/2025 16/12/2024 22/06/2023 Long Loan Books

© 2026 Rongo University
Contact us: librarian | system librarian | Rongo university